000 00859cam a22002771 4500
999 _c128838
_d128838
001 6537028
003 ARRUPE
005 20190129095628.0
008 720925s1957 enka 000 0 eng
010 _a 57059045
015 _aGB57-8454
035 _a(OCoLC)413561
040 _aDLC
_cODaWU
_dOCoLC
_dUk
_dDLC
042 _apremarc
050 0 0 _aSPC. DT15
_b.S45 1957
082 _a572.96
100 1 _aSeligman, C. G.
_q(Charles Gabriel),
_d1873-1940.
_944220
245 1 0 _aRaces of Africa.
_cC.G. Seligman
250 _a3d ed.
260 _aLondon,
_aNew York,
_bOxford University Press,
_c1957.
300 _a236 p.
_billus.
_c18 cm.
440 4 _aThe Home university library of modern knowledge,
_v144
_944221
650 0 _aEthnology
_zAfrica.
_926228
906 _a7
_bcbc
_coclcrpl
_du
_encip
_f19
_gy-gencatlg
942 _2lcc
_cSPC